<?xml version="1.0" encoding="UTF-8"?>
<record
    xmlns:xsi="http://www.w3.org/2001/XMLSchema-instance"
    xsi:schemaLocation="http://www.loc.gov/MARC21/slim http://www.loc.gov/standards/marcxml/schema/MARC21slim.xsd"
    xmlns="http://www.loc.gov/MARC21/slim">

  <leader>01294nam a22001697a 4500</leader>
  <controlfield tag="003">IT-RoPau</controlfield>
  <controlfield tag="005">20220918181106.0</controlfield>
  <controlfield tag="008">130522b        xxu||||| |||| 00| 0 eng d</controlfield>
  <datafield tag="040" ind1=" " ind2=" ">
    <subfield code="c">IT-RoPau</subfield>
  </datafield>
  <datafield tag="245" ind1=" " ind2=" ">
    <subfield code="a">Pellegrini verso il Padre - Apocalisse 1-3</subfield>
    <subfield code="b">Itinerario spirituale FSP e SSP - Provincia italiana - anno 1998-99</subfield>
  </datafield>
  <datafield tag="250" ind1=" " ind2=" ">
    <subfield code="a">1&#xB0; ed</subfield>
  </datafield>
  <datafield tag="260" ind1=" " ind2=" ">
    <subfield code="a">Roma</subfield>
    <subfield code="b">FSP e SSP Provincia italiana</subfield>
    <subfield code="c">1998</subfield>
  </datafield>
  <datafield tag="300" ind1=" " ind2=" ">
    <subfield code="a">72 pp.</subfield>
    <subfield code="c">21 cm</subfield>
  </datafield>
  <datafield tag="490" ind1=" " ind2=" ">
    <subfield code="a">Itinerario spirituale</subfield>
  </datafield>
  <datafield tag="520" ind1=" " ind2=" ">
    <subfield code="a">Indice

Alle sorelle e ai fratelli
Premessa all'Itinerario 1998-99
Introduzione al libro dell'Apocalisse
Apocalisse 1-3
Il messaggio di Cristo alle sette Chiese: un itinerario di conversione
1&#xB0; giorno: Cristo Ges&#xF9;, rivelatore del Padre nella Chiesa universale
2&#xB0; giorno: Cristo Ges&#xF9;, rivelatore del Padre in una Chiesa particolare
Struttura letterario-tematica di Apocalisse 2-3
3&#xB0; giorno: Cristo Ges&#xF9;, perfetto rivelatore del Padre
4&#xB0; giorno: Cristo Ges&#xF9;, rivelatore della giustizia del Padre
5&#xB0; giorno: Cristo Ges&#xF9; Agnello del Padre (eucarestia)
6&#xB0; giorno: Cristo Ges&#xF9; rivela la paternit&#xE0; universale di Dio e dona vita piena
7&#xB0; giorno: Cristo Ges&#xF9; vivente nella Chiesa in forza dello Spirito, rivela il Padre in ogni tempo
Parola carismatica
Il "Pardre Nostro" in sant'Agostino</subfield>
  </datafield>
  <datafield tag="942" ind1=" " ind2=" ">
    <subfield code="2">ddc</subfield>
    <subfield code="c">BK</subfield>
  </datafield>
  <datafield tag="999" ind1=" " ind2=" ">
    <subfield code="c">98581</subfield>
    <subfield code="d">98581</subfield>
  </datafield>
  <datafield tag="952" ind1=" " ind2=" ">
    <subfield code="0">0</subfield>
    <subfield code="1">0</subfield>
    <subfield code="2">ddc</subfield>
    <subfield code="4">0</subfield>
    <subfield code="6">P_D2</subfield>
    <subfield code="7">1</subfield>
    <subfield code="a">PAULUS</subfield>
    <subfield code="b">PAULUS</subfield>
    <subfield code="d">2013-05-22</subfield>
    <subfield code="l">0</subfield>
    <subfield code="o">P D2</subfield>
    <subfield code="r">2013-05-22 00:00:00</subfield>
    <subfield code="w">2013-05-22</subfield>
    <subfield code="y">BK</subfield>
  </datafield>
  <datafield tag="952" ind1=" " ind2=" ">
    <subfield code="0">0</subfield>
    <subfield code="1">0</subfield>
    <subfield code="2">ddc</subfield>
    <subfield code="4">0</subfield>
    <subfield code="6">P_D2</subfield>
    <subfield code="7">1</subfield>
    <subfield code="a">PAULUS</subfield>
    <subfield code="b">PAULUS</subfield>
    <subfield code="d">2013-05-22</subfield>
    <subfield code="l">0</subfield>
    <subfield code="o">P D2</subfield>
    <subfield code="r">2013-05-22 00:00:00</subfield>
    <subfield code="w">2013-05-22</subfield>
    <subfield code="y">BK</subfield>
  </datafield>
  <datafield tag="952" ind1=" " ind2=" ">
    <subfield code="0">0</subfield>
    <subfield code="1">0</subfield>
    <subfield code="2">ddc</subfield>
    <subfield code="4">0</subfield>
    <subfield code="6">P_D2</subfield>
    <subfield code="7">1</subfield>
    <subfield code="a">PAULUS</subfield>
    <subfield code="b">PAULUS</subfield>
    <subfield code="d">2013-05-22</subfield>
    <subfield code="l">0</subfield>
    <subfield code="o">P D2</subfield>
    <subfield code="r">2013-05-22 00:00:00</subfield>
    <subfield code="w">2013-05-22</subfield>
    <subfield code="y">BK</subfield>
  </datafield>
  <datafield tag="952" ind1=" " ind2=" ">
    <subfield code="0">0</subfield>
    <subfield code="1">0</subfield>
    <subfield code="2">ddc</subfield>
    <subfield code="4">0</subfield>
    <subfield code="6">P_D2</subfield>
    <subfield code="7">1</subfield>
    <subfield code="a">PAULUS</subfield>
    <subfield code="b">PAULUS</subfield>
    <subfield code="d">2013-05-22</subfield>
    <subfield code="l">0</subfield>
    <subfield code="o">P D2</subfield>
    <subfield code="r">2013-05-22 00:00:00</subfield>
    <subfield code="w">2013-05-22</subfield>
    <subfield code="y">BK</subfield>
  </datafield>
  <datafield tag="952" ind1=" " ind2=" ">
    <subfield code="0">0</subfield>
    <subfield code="1">0</subfield>
    <subfield code="2">ddc</subfield>
    <subfield code="4">0</subfield>
    <subfield code="6">P_D2</subfield>
    <subfield code="7">1</subfield>
    <subfield code="a">PAULUS</subfield>
    <subfield code="b">PAULUS</subfield>
    <subfield code="d">2013-05-22</subfield>
    <subfield code="l">0</subfield>
    <subfield code="o">P D2</subfield>
    <subfield code="r">2013-05-22 00:00:00</subfield>
    <subfield code="w">2013-05-22</subfield>
    <subfield code="y">BK</subfield>
  </datafield>
  <datafield tag="952" ind1=" " ind2=" ">
    <subfield code="0">0</subfield>
    <subfield code="1">0</subfield>
    <subfield code="2">ddc</subfield>
    <subfield code="4">0</subfield>
    <subfield code="6">P_D2</subfield>
    <subfield code="7">1</subfield>
    <subfield code="a">PAULUS</subfield>
    <subfield code="b">PAULUS</subfield>
    <subfield code="d">2013-05-22</subfield>
    <subfield code="l">0</subfield>
    <subfield code="o">P D2</subfield>
    <subfield code="r">2013-05-22 00:00:00</subfield>
    <subfield code="w">2013-05-22</subfield>
    <subfield code="y">BK</subfield>
  </datafield>
  <datafield tag="952" ind1=" " ind2=" ">
    <subfield code="0">0</subfield>
    <subfield code="1">0</subfield>
    <subfield code="2">ddc</subfield>
    <subfield code="4">0</subfield>
    <subfield code="6">P_D2</subfield>
    <subfield code="7">1</subfield>
    <subfield code="a">PAULUS</subfield>
    <subfield code="b">PAULUS</subfield>
    <subfield code="d">2013-05-22</subfield>
    <subfield code="l">0</subfield>
    <subfield code="o">P D2</subfield>
    <subfield code="r">2013-05-22 00:00:00</subfield>
    <subfield code="w">2013-05-22</subfield>
    <subfield code="y">BK</subfield>
  </datafield>
  <datafield tag="952" ind1=" " ind2=" ">
    <subfield code="0">0</subfield>
    <subfield code="1">0</subfield>
    <subfield code="2">ddc</subfield>
    <subfield code="4">0</subfield>
    <subfield code="6">P_D2</subfield>
    <subfield code="7">1</subfield>
    <subfield code="a">PAULUS</subfield>
    <subfield code="b">PAULUS</subfield>
    <subfield code="d">2013-05-22</subfield>
    <subfield code="l">0</subfield>
    <subfield code="o">P D2</subfield>
    <subfield code="r">2013-05-22 00:00:00</subfield>
    <subfield code="w">2013-05-22</subfield>
    <subfield code="y">BK</subfield>
  </datafield>
  <datafield tag="952" ind1=" " ind2=" ">
    <subfield code="0">0</subfield>
    <subfield code="1">0</subfield>
    <subfield code="2">ddc</subfield>
    <subfield code="4">0</subfield>
    <subfield code="6">P_D2</subfield>
    <subfield code="7">1</subfield>
    <subfield code="a">PAULUS</subfield>
    <subfield code="b">PAULUS</subfield>
    <subfield code="d">2013-05-22</subfield>
    <subfield code="l">0</subfield>
    <subfield code="o">P D2</subfield>
    <subfield code="r">2013-05-22 00:00:00</subfield>
    <subfield code="w">2013-05-22</subfield>
    <subfield code="y">BK</subfield>
  </datafield>
</record>
